MDQL
is popping MORE tags! Check the
thread
!
Quizzes
Events
Quiz Creation
Community
Videos
Private Events
Remove Ads
Sign In
Join for FREE
Feedback
Dark Mode
Quiz Categories
Sports
Geography
Music
Movies
Television
Just For Fun
Miscellaneous
History
Literature
Language
Science
Gaming
Entertainment
Religion
Holiday
For Kids
Quiz Lab
Recent
Popular Today
Quiz Kudos Today
Editor Picks
Curator Picks
Quizzes by...
Day
Popularity
Type
Ratings
Length
Year
Community
Subscriptions
Recent Discussions
Orange Saloon
Badges
Playlists
Quests
Create
Leaderboards
Showdown
Live 5
Trivia Bingo
Activity
Puzzle Library
Sporcle Events
Private Events
Virtual Trivia
Globe League
Become a Host
Pub Owners
SporcleCon
Opinionation
Our Games
Videos
Blog
Mobile Apps
Partnerships
Remove Ads and Go Orange
Feedback
Miscellaneous
Crossword
General Knowledge
Baby Names
Logo
Food
Cars
Numbers
Grab Bag
University
College
Popular
Company
Slogans
Restaurants
Justice
Letter
Miscellaneous
Crossword
General Knowledge
Baby Names
Logo
Food
Cars
Numbers
Grab Bag
University
College
Popular
Company
Slogans
Restaurants
Justice
Letter
Random Quiz
Search Sporcle
×
Quiz Lab
Quiz Lab
Miscellaneous
Definition
Type in answers that appear in a list
Type in answers that appear in a list
Classic
Best Score? Go Orange.
Media Analysis Definitions and Concepts Stats
Can you name the Media Analysis Definitions and Concepts?
By
STUDYGUIDESBSU
7m
21 Questions
14 Plays
14 Plays
14 Plays
Comments
Comments
Give Quiz Kudos
Give Quiz Kudos
-
- Ratings
hide this ad
Forced Order
Answers have to be entered in order
Answers have to be entered in order
Random Order
Randomize order of answers
Randomize order of answers
Replay
Link that replays current quiz
Next Quiz
Link to next quiz in quiz playlist
You Got
0%
They Got
Avg Score
66%
Avg Friend Score
Upgrade to see
Score Distribution
Jump to the score distribution portion of the page
Score
0/21
Timer
07:00
0
Plays Today
Media definitions
% Correct
Rules of Doctrine of an ideological belief system. Authoritative, not to be challenged
Dogma
85.7%
A copy of a copy of something not real. Copy of a false idea
Simulacrum
78.6%
A collection of beliefs held by a particular group of people that shape its actions and beliefs. Can be moral, ethical, philosophical, religious, political
Ideology
71.4%
guys are direct and girls look away
Gaze
71.4%
The idea of dressing women to achieve a look of being a infant. Fingers in mouth, on all fours, dressed in children attire.
Infantilization
71.4%
A huge part of the masculine identity that occurs frequently in TV, video games, movies
Violence
71.4%
Something that gets exposed to you over and over and over until it becomes the norm
Cummulative Messages
64.3%
Underlying messages, not obvious, not main idea, subconscious (ideological)
Latent Messages
64.3%
Obvious, superficial, easy to see.
Manifest Messages
64.3%
The idea of being manly. These characteristics need to be achieved in order to be considered manly.
Hypermasculinity
64.3%
That of which is outside the norm
Otherness
64.3%
Media definitions
% Correct
2 sexes, 2 gender roles
Heteronormativity
64.3%
To be normal you need to be in the box set around your codes of gender
Hyperritualization
64.3%
Head powers in rap are white. Corporate power decides what the rap song themes are
Corporate Power in Hip-hop
64.3%
MEN(Gun violence, gangs, Fronts, Manhood) and WOMEN(Sex objects, sexual assault) these are traits that leave men/
women in hip-
hop?
Trapped in a Box
64.3%
Eliminating the idea of character traits being connected to a certain gender.
Eliminate Tough Guise
64.3%
Laying on back, Exposed neck, hands above head, off balance, awkward positions, show signs of :
Submissive and Vulnerability
64.3%
Reflecting ideals and shapes (race, class, gender, sex, power, disability, and ethnicity) in advertising
Ideological textbook
64.3%
Advertising that reflects the ideals of our country
American Ideology
64.3%
Women(submissive, objects act on them) and Men(powerful, take action) in advertsing
Codes of Gender
57.1%
This gaze shows power, action, confidence, always aware and ready for anything.
White, middle class, male gaze
57.1%
Quiz Playlist
Details
Report
Send in Message
Add To Playlist
Classic:
Type in answers that appear in a list
Forced Order:
Answers have to be entered in order
Random Order:
Randomize order of answers
Last Updated: Feb 16, 2017
Quiz Scoreboard
CHALLENGE
Sign Up to Join the Scoreboard
Show All
Scores
Hide
Comments
May contain spoilers
Recently Published
Two Season TV Shows II
by 123Four
Television
10m
Image Sorting: Flags VI
by Barbecue
Geography
2m
Find the 'City' Movie
by crazypaving
Movies
60s
More to Explore
Quiz From the Vault
Featured Blog Post
14 Easter Pick-up Lines to Find Eggs With
hide this ad
You Might Also Like...
Tags
Definition Quiz
concept
Media
Today's Top Quizzes in Miscellaneous
Browse Miscellaneous
hide this ad
Today's Top Quizzes in Definition
Browse Definition
Top Contributed Quizzes in Miscellaneous
1
The JOE quick-fire general knowledge quiz: Day 174
2
5-to-1: Fast Food
3
9x9 Crossword: Disney Movie Titles
4
The JOE quick-fire general knowledge quiz: Day 173
5
9x9 Crossword: Charlie and the Chocolate Factory
6
9x9 Crossword: The Simpsons
7
9x9 Crossword: Flags
8
9x9 Crossword: 2022 Movies
9
9x9 Crossword: Actors
10
9x9 Crossword: Pixar Movie Titles
Explore More
Trending Topics
Harry Potter
Crossword
Anime
Marvel
NBA
Kpop
Disney
WWE
NFL
Song
Country
Pokémon
Puzzle
Soccer
The Office
hide this ad
More By:
STUDYGUIDESBSU
Quiz
Plays
Rating
Category
Featured
Created
Meteorology
49
Miscellaneous
Dec 9, 2010
Intro and Basics to ArcGIS
46
1.00
Science
Jan 30, 2011
GisTest#1
26
Miscellaneous
Feb 27, 2011
Health Test #2
19
Science
Oct 5, 2010
Media Analysis Definitions and Concepts
14
5.00
Miscellaneous
Oct 4, 2010
Go to Creator's Profile
Score Distribution
Quiz Creator Spotlight
STUDYGUIDESBSU
Follow
Send a Message
Quizzes Created
-
Created Quiz Play Count
-
More By This Creator
Popular Quizzes Today
1
Find the US States - No Outlines Minefield
2
Colored Red Africa Blitz
3
Find the 'City' Movie
4
5x2 Blitz: Bands
5
The Countries of the World
6
Find the Countries of Europe - No Outlines Minefield
7
Find the US States
8
US States
More Miscellaneous Quizzes
'I' Blitz
Published
Trending Quizzes
Colored Red Europe Blitz I
Colored Red Africa Blitz II
Colored Red Europe Blitz II
Colored Red Africa Blitz III
Colored Red Europe Blitz III
Recently Updated
How Do You Spell That?
pecheneg
Godzilla Movies
pecheneg
Grab Bag: 4-10 Letters
pecheneg
2024 March Madness Bracket
pecheneg
Famous TV Couples
Peacemaker
Champions League XIs: Real Madrid
pecheneg
Largest US Cities 1790-2010
pecheneg
Rides in Walt Disney World
pecheneg
Most Oscar Losses (Acting)
pecheneg
Beyoncé Albums
pecheneg
Trending Topics
Marvel
Disney
Crossword
Harry Potter
NBA
Anime
Kpop
The Office
WWE
Soccer
Song
Pokémon
NFL
Country
Puzzle
Your Account Isn't Verified!
In order to create a playlist on Sporcle, you need to verify the email address you used during registration. Go to your
Sporcle Settings
to finish the process.
Report this User
Report this user for behavior that violates our
Community Guidelines
.
Details:
Send Report
Go to the Sporcle.com Mobile Site →
Comments